000 00612nam a2200229Ia 4500
003 OSt
005 20221007082410.0
006 a|||||r|||| 00| 0
007 ta
008 221006b |||||||| |||| 00| 0 eng d
024 _a14,093
037 _cReports / Technical Reports
040 _aFLL
_cFLL
_beng
041 _2eng
_aeng
082 _aX:3.2.N79t, L9
110 _aGovt. of india
245 0 _aReport of the committee on controls and subsidies
260 _c1979
700 _aGovt. of india
942 _hX:3.2.N79t, L9
_cREP
_2CC
999 _c1166292
_d1166292